Goldberg, Pinelopi Koujianou. The unequal effects of globalization (Record no. 525974)
[ view plain ]
| 000 -LEADER | |
|---|---|
| fixed length control field | 00646nam a22001457a 4500 |
| 008 - FIXED-LENGTH DATA ELEMENTS--GENERAL INFORMATION | |
| fixed length control field | 240429b ||||| |||| 00| 0 eng d |
| 100 ## - MAIN ENTRY--PERSONAL NAME | |
| Personal name | Leamer, E.D. |
| 245 ## - TITLE STATEMENT | |
| Title | Goldberg, Pinelopi Koujianou. The unequal effects of globalization |
| 260 ## - PUBLICATION, DISTRIBUTION, ETC. (IMPRINT) | |
| Place of publication, distribution, etc | Journal of Economic Literature |
| 300 ## - PHYSICAL DESCRIPTION | |
| Extent | 62(1). Mar, 2024: p.327-329 |
| 520 ## - SUMMARY, ETC. | |
| Summary, etc | Leamer, Ed. 2024. "Goldberg, Pinelopi Koujianou. The Unequal Effects of Globalization." Journal of Economic Literature, 62 (1): 327-29.- Reproduced https://www.aeaweb.org/articles?id=10.1257/jel.62.1.317.r7 |
| 773 ## - HOST ITEM ENTRY | |
| Main entry heading | Journal of Economic Literature |
| 906 ## - LOCAL DATA ELEMENT F, LDF (RLIN) | |
| Subject DIP | BOOK REVIEW |
| 942 ## - ADDED ENTRY ELEMENTS (KOHA) | |
| Item type | Articles |
No items available.
